| 000 | 01094cam a22001934a 4500 | ||
|---|---|---|---|
| 005 | 20250605164336.0 | ||
| 008 | 250528s ||||||||||||||||||||||||d | ||
| 035 | _a23447 | ||
| 040 |
_aGR-AtMCL _bgre _dGR-AtMCL _eAACR2 |
||
| 245 | 1 | _aHRM Practices in Small-Medium Greek Boatyard Enterprises | |
| 260 | _c2016 | ||
| 300 | _a50 | ||
| 520 | _aIntroduction, General Introduction to the Theoretical Framework and Area of Research, Rationale, Aim and Objectives, Literature Review, HRM and SMEs, Efficiency of HRM in SMEs, Implementation Issues, HRM Practices in SMEs, Methodology, Research Philosophy, Research Design, Methods, Participants, Procedure, Ethical Considerations, Results, Profile of Respondents, Profile of Organizations, HRM Practices, Discussion, Education and Training of Employees, Rewards, Recruitment and Development of Employees, Limitations and Future Research, Conclusions and Recommendations, Personal Reflection, References, Appendices. | ||
| 700 | 1 |
_aAsprakis Spyridon _99014 |
|
| 700 | 1 |
_aLianos Paris _99015 |
|
| 942 | _cDS | ||
| 999 |
_c8457 _d8457 |
||